00000000nam##2200000za#4500
0019.531627
003CaOODSP
00520200327071723
007ta
008150406|1999||||xxc|||||     f|0| 0 fre|d
020 |a0-660-60813-8
040 |aCaOODSP|bfre
041 |aeng
041 |afre
043 |an-cn---
0861 |aBT31-2/2000-III-29
1101 |aCanada. |bConseil du trésor.
24510|aSanté Canada
260 |aOttawa - Ontario : |bSecrétariat du Conseil du Trésor du Canada |c1999.
300 |a114p. : |bfigure, organigramme, tableaux ; |c28 cm.
4901 |aBudget des dépenses 1999-2000, partie III: Rapport sur les plans et les priorités
546 |aBilingue
563 |aCouverture souple
590 |a99-13|b1999-04-01
69107|aPrévisions budgétaires|2gcpds
7760#|tHealth Canada, 1999-2000 estimates, a report on plans and priorities |w(CaOODSP)9.567739
7760#|tSanté Canada, budget des dépenses 1999-2000, rapport sur les plans et les priorités |w(CaOODSP)9.599065
791 |tHealth Canada |eeng|w(CaOODSP)9.531626
830#0|aBudget des dépenses 1999-2000, partie III: Rapport sur les plans et les priorités.|w(CaOODSP)9.508963